| 000 | 00742cam a2200265 4500500 | ||
|---|---|---|---|
| 005 | 20260405003259.0 | ||
| 041 | _afre | ||
| 042 | _adc | ||
| 100 | 1 | 0 |
_aSorente, Isabelle _eauthor |
| 245 | 0 | 0 | _aFaut-il toujours viser l’utile ? |
| 260 | _c2021. | ||
| 500 | _a72 | ||
| 690 | _aBonheur | ||
| 690 | _aCalcul | ||
| 690 | _aCalcul moral | ||
| 690 | _aCatherine Audard | ||
| 690 | _aEssentiel | ||
| 690 | _aMichael J. Sandel | ||
| 690 | _aPeter Singer | ||
| 690 | _aPlaisir | ||
| 690 | _aUtilitarisme | ||
| 690 | _aUtilité | ||
| 786 | 0 | _nPhilosophie magazine | 149 | 5 | 2021-05-01 | p. 44-44 | 1951-1787 | |
| 856 | 4 | 1 | _uhttps://shs.cairn.info/magazine-philosophie-magazine-2021-5-page-44?lang=fr&redirect-ssocas=7080 |
| 999 |
_c2066076 _d2066076 |
||